War of the century, when Hitler fought Stalin : (Record no. 109345)
[ view plain ]
| 000 -LEADER | |
|---|---|
| fixed length control field | 00439nam a2200145 a 4500 |
| 005 - DATE AND TIME OF LATEST TRANSACTION | |
| control field | 20140414093842.0 |
| 008 - FIXED-LENGTH DATA ELEMENTS--GENERAL INFORMATION | |
| fixed length control field | 081125s19uu xx uuu eng d |
| 050 ## - LIBRARY OF CONGRESS CALL NUMBER | |
| Classification number | VCD 940.53 |
| Item number | R25 2004 |
| 100 ## - MAIN ENTRY--PERSONAL NAME | |
| Personal name | Rees, Laurence |
| 245 ## - TITLE STATEMENT | |
| Title | War of the century, when Hitler fought Stalin : |
| Remainder of title | Learning to win / |
| Statement of responsibility, etc | Laurence Rees. |
| 260 ## - PUBLICATION, DISTRIBUTION, ETC. (IMPRINT) | |
| Place of publication, distribution, etc | Quezon City : |
| Name of publisher, distributor, etc | MagnaVision, |
| Date of publication, distribution, etc | c2004. |
| 650 ## - SUBJECT ADDED ENTRY--TOPICAL TERM | |
| Topical term or geographic name as entry element | World War, 1939-1945. |
| 942 ## - ADDED ENTRY ELEMENTS (KOHA) | |
| Koha item type | Audio Visual Materials |
| Withdrawn status | Lost status | Damaged status | Home library | Current library | Shelving location | Date acquired | Source of acquisition | Total Checkouts | Full call number | Barcode | Date last seen | Price effective from | Koha item type |
|---|---|---|---|---|---|---|---|---|---|---|---|---|---|
| Luxembourg Library | Luxembourg Library | Audio Visual Material Section | 11/25/2008 | VCD 940.53 R25 2004 | AV0985 | 04/14/2014 | 04/14/2014 | Audio Visual Materials |